| 000 | 02146nam a2200637 i 4500 | ||
|---|---|---|---|
| 001 | 56091 | ||
| 003 | KOSZ 005 | ||
| 005 | 20230516131632.0 | ||
| 008 | 230515s2007 pl a g 000 0 pol | ||
| 015 | _aUWD 2016/32867 | ||
| 020 | _a9788360688274 | ||
| 035 | _a991049417859705066 | ||
| 035 | _a(PL-WaBN)b5256289x-48omnis_nlop | ||
| 035 | _ab5256289x | ||
| 035 | _a(OCoLC)749624872 | ||
| 035 | _azz2007988922 | ||
| 035 | _a(PL)b0000005256289 | ||
| 035 | _a(EXLNZ-48OMNIS_NETWORK)9910403331505606 | ||
| 040 |
_aWA N _cWA N _dKOSZ 005 |
||
| 041 | 1 |
_apol _hita |
|
| 046 | _k2004 | ||
| 080 | _a069.5(450) | ||
| 080 | _a75(450) | ||
| 080 | _a(084.1) | ||
| 245 | 0 | 0 |
_aPinakoteka Brera, Mediolan / _c[teksty Susanna Buricchi, Barbara Furlotti, Cristina Sirigatti ; tłumaczenie Mateusz Salwa]. |
| 260 |
_aWarszawa : _bHanski Publishing Services, _ccopyright 2007. |
||
| 300 |
_a141, [3] stron : _bilustracje kolorowe ; _c24 cm. |
||
| 336 |
_aObraz _bsti _2rdacontent |
||
| 336 |
_aTekst _btxt _2rdacontent |
||
| 337 |
_aBez urządzenia pośredniczącego _bn _2rdamedia |
||
| 338 |
_aWolumin _bnc _2rdacarrier |
||
| 380 | _aAlbumy i książki artystyczne | ||
| 380 | _aKsiążki | ||
| 388 | 1 | _a2001- | |
| 490 | 1 | _aWielkie Muzea | |
| 500 | _aDodatek do gazety Rzeczpospolita. | ||
| 610 | 2 | 7 |
_aPinakoteka Brera _2DBN |
| 650 | 7 |
_aMuzealnictwo _2DBN |
|
| 650 | 7 |
_aZbiory muzealne _2DBN |
|
| 651 | 7 |
_aMediolan (Włochy) _2DBN |
|
| 651 | 7 |
_aWłochy _2DBN |
|
| 655 | 7 |
_aAlbum _2DBN |
|
| 655 | 7 |
_aMalarstwo włoskie _2DBN |
|
| 658 | _aBibliotekarstwo, archiwistyka, muzealnictwo | ||
| 658 | _aHistoria | ||
| 658 | _aKultura i sztuka | ||
| 700 | 1 |
_aBuricchi, Susanna _eAutor |
|
| 700 | 1 |
_aFurlotti, Barbara _eAutor |
|
| 700 | 1 |
_aSirigatti, Cristina _eAutor |
|
| 700 | 1 |
_aSalwa, Mateusz _d(1979- ) _eTłumaczenie |
|
| 710 | 2 |
_aHPS _4pbl |
|
| 830 | 0 | _aWielkie Muzea | |
| 856 |
_uhttp://koha.tu.koszalin.pl/cgi-bin/koha/opac-detail.pl?biblionumber=56091 _yKatalog online BPK |
||
| 942 |
_2UKD _cKS |
||
| 999 |
_c56091 _d56091 |
||